[Event "Russian Championship B19 2016"]
[Site "Loo"]
[Date "2016.04.21"]
[Round "2.8"]
[White "Feoktistov, Nikita"]
[Black "Zhuk, Valeriy"]
[Result "0-1"]
[WhiteElo "2194"]
[BlackElo "2310"]
[PlyCount "112"]
[EventDate "2016.04.20"]

1. d4 d5 2. c4 e6 3. Nc3 c6 4. Nf3 dxc4 5. Ne5 b5 6. g3 Bb7 7. Bg2 Qc8 8. O-O
Nf6 9. e4 Nbd7 10. f4 b4 11. Ne2 c5 12. d5 exd5 13. exd5 Nb6 14. Re1 Bd6 15.
Nd4 O-O 16. Ndc6 Re8 17. Be3 Bxe5 18. fxe5 Nfxd5 19. Bxd5 Bxc6 20. Bxc6 Qxc6
21. Qd6 Rac8 22. Rad1 Re6 23. Qxc5 Qxc5 24. Bxc5 Na4 25. Bd4 c3 26. bxc3 Nxc3
27. Rd2 a5 28. Kf2 Kf8 29. Kf3 Ke7 30. h4 Rc4 31. Re3 Nb5 32. Bb2 Rec6 33. Rd5
R4c5 34. Red3 Rxd5 35. Rxd5 Rb6 36. Rc5 Rb7 37. Ke4 a4 38. Rc4 a3 39. Bd4 Nxd4
40. Kxd4 b3 41. axb3 Rxb3 42. g4 Kd7 43. Ra4 Kc6 44. Ke4 Kb5 45. Ra7 Rb4+ 46.
Kd5 Ra4 47. Rb7+ Ka6 48. Rxf7 a2 49. Rf1 a1=Q 50. Rxa1 Rxa1 51. e6 Kb7 52. Kd6
Kc8 53. Ke7 Rf1 54. Ke8 Rf4 55. e7 Rxg4 56. h5 Re4 0-1

[Event "Russian Championship B19 2016"]
[Site "Loo"]
[Date "2016.04.21"]
[Round "2.9"]
[White "Obodenko, Amir"]
[Black "Ivlev, Aleksey"]
[Result "1/2-1/2"]
[WhiteElo "2133"]
[BlackElo "2302"]
[PlyCount "80"]
[EventDate "2016.04.20"]

1. d4 d5 2. Nf3 Nf6 3. g3 e6 4. Bg2 b5 5. O-O Bb7 6. c3 Nbd7 7. a4 bxa4 8. Qxa4
Bd6 9. Bf4 O-O 10. Nbd2 Ne4 11. Nxe4 dxe4 12. Ng5 Bxf4 13. gxf4 Nf6 14. Qc2 Qd5
15. b4 a5 16. bxa5 h6 17. a6 hxg5 18. fxg5 Ng4 19. h3 Bc6 20. hxg4 Qxg5 21. f4
Qxg4 22. e3 Qg3 23. Qf2 Qxf2+ 24. Rxf2 Rfb8 25. Rfa2 Ra7 26. Ra5 f5 27. Bf1 Bd5
28. c4 Bc6 29. Kf2 Kf7 30. Ke1 Kf6 31. Kd2 Rb2+ 32. Kc3 Rf2 33. d5 Bd7 34. R5a2
Rxa2 35. Rxa2 Bc8 36. c5 exd5 37. Kd4 Bd7 38. Kc3 Bc8 39. Kd4 Bd7 40. Kc3 Bc8
1/2-1/2

[Event "Russian Championship B19 2016"]
[Site "Loo"]
[Date "2016.04.21"]
[Round "2.10"]
[White "Khanin, Semen"]
[Black "Sizintsev, Alexey"]
[Result "1-0"]
[WhiteElo "2396"]
[BlackElo "2125"]
[PlyCount "73"]
[EventDate "2016.04.20"]

1. e4 e5 2. Nf3 Nc6 3. Bb5 a6 4. Ba4 Nf6 5. O-O Be7 6. Re1 b5 7. Bb3 O-O 8. a4
b4 9. d4 d6 10. dxe5 dxe5 11. Nbd2 Bc5 12. a5 Bg4 13. h3 Bxf3 14. Qxf3 Nd4 15.
Qg3 Qe7 16. Nc4 Nd7 17. Bg5 Qe6 18. Ba2 b3 19. Bxb3 Nxb3 20. Qxb3 Rab8 21. Qd3
Rb4 22. b3 Bd4 23. Rad1 Nc5 24. Qe2 f5 25. exf5 Qxf5 26. Be3 Ne6 27. Qg4 Qf6
28. Bxd4 Nxd4 29. Rd2 g6 30. Qg3 Rb5 31. Nxe5 Re8 32. Rxd4 Rbxe5 33. Rxe5 Rxe5
34. Rd7 c6 35. b4 Qe6 36. Rd8+ Kg7 37. Qf4 1-0

[Event "Russian Championship B19 2016"]
[Site "Loo"]
[Date "2016.04.21"]
[Round "2.11"]
[White "Najdin, Danil"]
[Black "Tarasov, Alexandr"]
[Result "1/2-1/2"]
[WhiteElo "2305"]
[BlackElo "2348"]
[PlyCount "81"]
[EventDate "2016.04.20"]

1. e4 c6 2. d4 d5 3. Nd2 dxe4 4. Nxe4 Nd7 5. Nf3 Ngf6 6. Nxf6+ Nxf6 7. Bd3 Bg4
8. c3 e6 9. h3 Bh5 10. Bf4 Nd5 11. Be5 Bd6 12. O-O Bxe5 13. dxe5 Qc7 14. Be4
Bxf3 15. Qxf3 Qxe5 16. Rfe1 Qg5 17. c4 Ne7 18. Rad1 Qa5 19. Re3 Rd8 20. Rxd8+
Qxd8 21. Qh5 Qd4 22. b3 h6 23. Qg4 Qa1+ 24. Kh2 O-O 25. Qf4 Nf5 26. Bxf5 exf5
27. a4 Rd8 28. Qxf5 Qd4 29. g3 g6 30. Qf3 Rd6 31. Kg2 Rf6 32. Qe2 Kg7 33. Re7
b5 34. axb5 cxb5 35. cxb5 Qd5+ 36. Qe4 Qxb5 37. Rxa7 Qxb3 38. Rd7 Qb6 39. Rd2
Qc6 40. Qxc6 Rxc6 41. Kf3 1/2-1/2

[Event "Russian Championship B19 2016"]
[Site "Loo"]
[Date "2016.04.21"]
[Round "2.12"]
[White "Drygalov, Andrey"]
[Black "Ufimtsev, Egor"]
[Result "1-0"]
[WhiteElo "2317"]
[BlackElo "2034"]
[PlyCount "55"]
[EventDate "2016.04.20"]

1. e4 c5 2. Nf3 Nc6 3. d4 cxd4 4. Nxd4 Qb6 5. Nb3 Nf6 6. Nc3 e6 7. Bd3 Be7 8.
Qe2 O-O 9. O-O d5 10. exd5 exd5 11. Be3 Qc7 12. h3 Re8 13. Nb5 Qe5 14. Qf3 Bd6
15. Nxd6 Qxd6 16. Bf4 Ne5 17. Qe3 Qb6 18. Qxb6 axb6 19. Bb5 Bd7 20. Bxd7 Nexd7
21. Be3 Nc5 22. Rfe1 Rec8 23. Nd4 Nfe4 24. Red1 Nd6 25. b3 Nce4 26. Bf4 Rc5 27.
f3 g5 28. Bh2 1-0

[Event "Russian Championship B19 2016"]
[Site "Loo"]
[Date "2016.04.21"]
[Round "2.13"]
[White "Konaplev, Anton"]
[Black "Ioffe, Ilya"]
[Result "1/2-1/2"]
[WhiteElo "2165"]
[BlackElo "2185"]
[PlyCount "120"]
[EventDate "2016.04.20"]

1. d4 d5 2. c4 c6 3. e3 Nf6 4. Nc3 e6 5. Nf3 Nbd7 6. Bd3 dxc4 7. Bxc4 b5 8. Bd3
a6 9. a4 b4 10. Ne4 c5 11. O-O Bb7 12. Nxf6+ Nxf6 13. dxc5 Bxc5 14. Qe2 Qd5 15.
h3 O-O 16. Rd1 Ne4 17. Bc2 Qh5 18. Nd4 Qxe2 19. Nxe2 Rfd8 20. Nd4 Rac8 21. f3
Bxd4 22. Bxe4 Bxe4 23. Rxd4 Rxd4 24. exd4 Bc2 25. a5 Rc4 26. Be3 Kf8 27. Kf2
Ke7 28. Ke2 Kd6 29. Kd2 Kc6 30. Rc1 b3 31. Ra1 Kb5 32. Bf2 Bg6 33. Rc1 Rc2+ 34.
Rxc2 bxc2 35. Be3 Kxa5 36. Kc3 Kb5 37. g4 h5 38. gxh5 Bxh5 39. Kxc2 Bxf3 40.
Kc3 Kc6 41. h4 Kd5 42. Kd3 Be4+ 43. Ke2 Kc4 44. Kd2 Bf5 45. Bf2 Bg4 46. Bg1 Bh3
47. Bf2 f5 48. Bg1 Kb3 49. Kc1 f4 50. Bh2 Kc4 51. Bxf4 Kxd4 52. Kd2 Ke4 53. Bg5
Kf3 54. Be3 e5 55. Bg5 e4 56. Be3 Bg4 57. Bg5 Kf2 58. Be3+ Kf3 59. Bg5 Bd7 60.
Be3 g6 1/2-1/2

[Event "Russian Championship B19 2016"]
[Site "Loo"]
[Date "2016.04.21"]
[Round "2.14"]
[White "Beljskij, Ilja"]
[Black "Litvinov, Maxim"]
[Result "0-1"]
[WhiteElo "2110"]
[BlackElo "2413"]
[PlyCount "72"]
[EventDate "2016.04.20"]

1. d4 Nf6 2. Nf3 e6 3. Bf4 b6 4. e3 Bb7 5. Bd3 Be7 6. h3 c5 7. c3 d6 8. Nbd2
Nbd7 9. O-O O-O 10. Qe2 Qc7 11. Bh2 Rfe8 12. a4 Bf8 13. e4 g6 14. a5 e5 15.
dxe5 Nxe5 16. Nxe5 dxe5 17. Bb5 Re7 18. a6 Bc6 19. Bxc6 Qxc6 20. Nc4 Rae8 21.
f3 b5 22. Ne3 c4 23. Rfd1 Rd7 24. Rxd7 Nxd7 25. Nd5 Nb6 26. Nxb6 Qxb6+ 27. Kf1
Bc5 28. Bg3 Re6 29. Bf2 Rd6 30. Bxc5 Qxc5 31. Ra5 Qb6 32. Ra1 Rd3 33. Qe1 Kg7
34. Qg3 Qd6 35. Qf2 Rd2 36. Qxa7 Qd3+ 0-1

[Event "Russian Championship B19 2016"]
[Site "Loo"]
[Date "2016.04.21"]
[Round "2.15"]
[White "Gogin, Maksim"]
[Black "Petrushev, Nikita"]
[Result "1-0"]
[WhiteElo "2324"]
[BlackElo "2024"]
[PlyCount "85"]
[EventDate "2016.04.20"]

1. Nf3 Nf6 2. g3 g6 3. Bg2 Bg7 4. O-O O-O 5. d4 d5 6. c3 c6 7. Re1 Bf5 8. Nbd2
Nbd7 9. Nh4 Be6 10. e4 dxe4 11. Nxe4 Nxe4 12. Bxe4 Nf6 13. Bg2 Qb6 14. Nf3 Rfe8
15. Rxe6 fxe6 16. Qe2 e5 17. dxe5 Nd7 18. Bf4 Nf8 19. h4 h6 20. Nh2 Rad8 21.
Be4 Qc5 22. Qg4 Qc4 23. Bxg6 Nxg6 24. Qxg6 Qf7 25. Qe4 Qd5 26. Qe2 Qd3 27. Qh5
Kh7 28. Nf3 Kg8 29. Nd4 e6 30. Rd1 Qe4 31. Kh2 c5 32. Nb5 Rxd1 33. Qxd1 Rf8 34.
Nd6 Qd5 35. Qg4 Kh8 36. Qg6 Qf3 37. Be3 b6 38. Qxe6 Kh7 39. Qd7 Qe2 40. Nf7 Kg8
41. e6 Qh5 42. e7 Qxf7 43. exf8=R+ 1-0

[Event "Russian Championship B19 2016"]
[Site "Loo"]
[Date "2016.04.21"]
[Round "2.16"]
[White "Shilyaev, Fedor"]
[Black "Sinyanskiy, Maxim"]
[Result "1/2-1/2"]
[WhiteElo "2203"]
[BlackElo "1990"]
[PlyCount "161"]
[EventDate "2016.04.20"]

1. e4 c5 2. Nf3 d6 3. d4 cxd4 4. Nxd4 Nf6 5. Nc3 a6 6. h3 e5 7. Nde2 h5 8. g3
Be6 9. Bg2 Nbd7 10. Bg5 Be7 11. Qd2 Rc8 12. f4 b5 13. a3 Nb6 14. b3 Qc7 15. O-O
Qc5+ 16. Rf2 Bd7 17. fxe5 dxe5 18. Be3 Qc7 19. Kh1 Be6 20. Nd5 Nbxd5 21. exd5
Bd7 22. c4 bxc4 23. Rc1 O-O 24. bxc4 Bc5 25. Bxc5 Qxc5 26. Rff1 Qd6 27. Qb4 Rc5
28. Nc3 Rb8 29. Rxf6 gxf6 30. Ne4 Rxb4 31. Nxd6 Ra4 32. Rc3 f5 33. Rb3 Rc7 34.
Bf1 Kf8 35. Rb7 Rxb7 36. Nxb7 Ke7 37. c5 Rxa3 38. c6 Bxc6 39. dxc6 Ra1 40. Kg2
Rc1 41. Na5 Kd6 42. Nc4+ Kxc6 43. Nxe5+ Kb6 44. Bxa6 Kxa6 45. Nxf7 Kb6 46. Nh6
Rc5 47. Kf3 h4 48. gxh4 Kc6 49. Kf4 Rc4+ 50. Kxf5 Rxh4 51. Ng4 Rxh3 52. Kf4 Kd5
53. Ne3+ Ke6 54. Ng4 Ra3 55. Ne3 Ra4+ 56. Kf3 Kf6 57. Ng4+ Kg5 58. Ne3 Rd4 59.
Kg3 Re4 60. Kf3 Rd4 61. Ng2 Rg4 62. Ne3 Rf4+ 63. Ke2 Re4 64. Kf3 Ra4 65. Nd5
Kf5 66. Ne3+ Ke5 67. Ng4+ Kd4 68. Nh6 Ra5 69. Kf4 Rh5 70. Nf5+ Kd5 71. Ne3+ Ke6
72. Ke4 Rh4+ 73. Kd3 Rf4 74. Nc4 Kd5 75. Ne3+ Kc5 76. Nc2 Rh4 77. Ne3 Rd4+ 78.
Ke2 Re4 79. Kd3 Re8 80. Nc2 Rd8+ 81. Ke4 1/2-1/2

[Event "Russian Championship B19 2016"]
[Site "Loo"]
[Date "2016.04.21"]
[Round "2.17"]
[White "Karpinskiy, Kirill"]
[Black "Bondarenko, Ivan"]
[Result "1/2-1/2"]
[WhiteElo "1984"]
[BlackElo "2194"]
[PlyCount "105"]
[EventDate "2016.04.20"]

1. d4 Nf6 2. Nf3 e6 3. c4 Bb4+ 4. Bd2 Qe7 5. g3 Bxd2+ 6. Qxd2 Nc6 7. a3 O-O 8.
Bg2 d5 9. O-O dxc4 10. Qc3 e5 11. dxe5 Ng4 12. Nbd2 Ngxe5 13. Nxc4 Nxc4 14.
Qxc4 Ne5 15. Qc3 Nxf3+ 16. exf3 c6 17. f4 Rd8 18. Rfe1 Qd6 19. Rac1 Be6 20. b4
Rac8 21. Bf3 h6 22. Re5 f6 23. Rc5 a6 24. Kg2 Qd7 25. Qc2 Qd2 26. f5 Qxc2 27.
R1xc2 Bb3 28. R2c3 Ba4 29. Re3 Re8 30. Be4 Rcd8 31. Rcc3 Kf8 32. Bd3 Re7 33.
Bc4 Ke8 34. Be6 Bb5 35. h4 Rd2 36. Kf3 Kd8 37. Re4 Kc7 38. Ke3 Re2+ 39. Kf3
Rxe4 40. Kxe4 Kd6 41. Rc1 Rc7 42. Rd1+ Ke7 43. Rc1 b6 44. Bc4 Bxc4 45. Rxc4 Kd7
46. Rd4+ Ke7 47. Rc4 Kd8 48. Rc3 Re7+ 49. Kd3 Kc7 50. Rc4 Re5 51. Rg4 Re7 52.
Kc4 Rd7 53. Re4 1/2-1/2

[Event "Russian Championship B19 2016"]
[Site "Loo"]
[Date "2016.04.21"]
[Round "2.18"]
[White "Mingazov, Almaz"]
[Black "Lavrinenko, Aleksandr"]
[Result "1/2-1/2"]
[WhiteElo "2181"]
[BlackElo "1969"]
[PlyCount "197"]
[EventDate "2016.04.20"]

1. d4 Nf6 2. Nf3 g6 3. c4 Bg7 4. Nc3 O-O 5. g3 c5 6. d5 e6 7. Bg2 exd5 8. cxd5
d6 9. O-O Re8 10. Nd2 a6 11. a4 Nbd7 12. Nc4 Ne5 13. Nxe5 Rxe5 14. Bf4 Re8 15.
e4 Rb8 16. a5 b5 17. axb6 Qxb6 18. Ra2 Nh5 19. Be3 Qb3 20. Qd2 Rb4 21. Rfa1 Bd4
22. Bg5 Nf6 23. Re1 Ng4 24. Re2 Ne5 25. Ra3 Qc4 26. Nd1 Bg4 27. Re1 Bxd1 28.
Bf1 Qc2 29. Rxd1 Qxb2 30. Qxb2 Rxb2 31. Be3 Bxe3 32. Rxe3 Ng4 33. Re2 Reb8 34.
h3 Nf6 35. e5 Rxe2 36. Bxe2 dxe5 37. Bxa6 Rb6 38. Bc4 Ne4 39. Bd3 Nd6 40. Rc1
Rb3 41. Bf1 Ne4 42. d6 Kf8 43. Rd1 Ke8 44. Bg2 Nc3 45. Bc6+ Kd8 46. Re1 Rb1 47.
Kf1 f6 48. h4 Rb6 49. Bf3 Kd7 50. Re3 Nb5 51. Rb3 Kxd6 52. Be2 Kc6 53. Bc4 Nd6
54. Bd5+ Kc7 55. Ra3 Nb5 56. Ra8 Rb8 57. Ra6 Nd4 58. Rxf6 Rd8 59. Bc4 Rd7 60.
g4 Rd8 61. g5 Nf5 62. h5 Nd6 63. Bd5 gxh5 64. Rh6 Rd7 65. Rxh5 Nf7 66. Bxf7
Rxf7 67. g6 hxg6 68. Rxe5 Kd6 69. Rg5 Rf6 70. Ke2 Kc6 71. Kd1 Kb5 72. Kc1 Kb4
73. Rg4+ c4 74. Rg3 c3 75. Rg5 Kc4 76. Kd1 Kd4 77. Rg4+ Kd3 78. Rg3+ Kc4 79.
Rg5 Rc6 80. Kc2 Kd4 81. Rg4+ Ke5 82. Rg3 Ke4 83. Re3+ Kf4 84. Rg3 g5 85. Re3 g4
86. Re7 Rc4 87. Rf7+ Ke4 88. Rf8 Rc5 89. Rf7 Rc4 90. Rf8 Ke5 91. Re8+ Kf6 92.
Rf8+ Kg7 93. Rf5 Kg6 94. Rf8 Rc5 95. f3 Kg7 96. Rf4 gxf3 97. Rxf3 Kg6 98. Rxc3
Rxc3+ 99. Kxc3 1/2-1/2

[Event "Russian Championship B19 2016"]
[Site "Loo"]
[Date "2016.04.21"]
[Round "2.19"]
[White "Sivtsev, Mikhail"]
[Black "Bychkov, Vladimir"]
[Result "1/2-1/2"]
[WhiteElo "1946"]
[BlackElo "2176"]
[PlyCount "81"]
[EventDate "2016.04.20"]

1. e4 e6 2. d4 d5 3. e5 c5 4. c3 Nc6 5. Nf3 Bd7 6. a3 f6 7. exf6 Nxf6 8. Bd3
cxd4 9. cxd4 Bd6 10. O-O O-O 11. Nc3 a6 12. Bg5 Qc7 13. Qc2 h6 14. Bh4 Be8 15.
Qe2 Bd7 16. Rac1 Rae8 17. Bb1 Re7 18. Qd3 g5 19. Bg3 Rg7 20. Rfe1 Nh5 21. Be5
Bxe5 22. Nxe5 Nxe5 23. Rxe5 Nf4 24. Qd2 Qa5 25. Qe3 Qb6 26. b4 a5 27. bxa5 Qxa5
28. Ne2 Qb6 29. Nxf4 Rxf4 30. Rd1 Rgf7 31. f3 Qd8 32. Bg6 Rg7 33. Bh5 Qb6 34.
Bg4 Rg6 35. g3 Rff6 36. Re1 Qd6 37. Re2 Qc6 38. Re1 Qd6 39. Re2 Qc6 40. Re1 Qd6
41. Re2 1/2-1/2

[Event "Russian Championship B19 2016"]
[Site "Loo"]
[Date "2016.04.21"]
[Round "2.20"]
[White "Dinulin, Ilya"]
[Black "Kontsevik, Georgy"]
[Result "0-1"]
[WhiteElo "1812"]
[BlackElo "2163"]
[PlyCount "108"]
[EventDate "2016.04.20"]

1. e4 c5 2. Nf3 Nc6 3. d3 d6 4. g3 g6 5. Bg2 Bg7 6. Nbd2 e5 7. O-O Nge7 8. Nh4
O-O 9. f4 exf4 10. gxf4 f5 11. c3 Kh8 12. a4 Be6 13. Bh3 Qd7 14. Ndf3 fxe4 15.
Bxe6 Qxe6 16. dxe4 Qxe4 17. Qxd6 b6 18. Ng5 Qc4 19. Re1 Rf6 20. Qd1 Rd8 21. Qc2
Nf5 22. Nxf5 gxf5 23. b3 Qd5 24. Bb2 Qg8 25. Re2 c4 26. b4 Rd3 27. Rae1 Bf8 28.
Rg2 Rg6 29. Qe2 h6 30. Ne6 Rxg2+ 31. Qxg2 Qxg2+ 32. Kxg2 Rd2+ 33. Kg3 Rxb2 34.
Nxf8 Rb3 35. Rc1 Nxb4 36. Kh4 Nd5 37. Rg1 Ne7 38. Kh5 Rxc3 39. h4 Rh3 40. Ng6+
Nxg6 41. Rxg6 c3 42. Rxh6+ Kg7 43. Rc6 Rg3 44. Rc7+ Kf6 45. Rxa7 c2 46. Rc7 Rg2
47. Kh6 Ke6 48. h5 Kd6 49. Rc8 Kd5 50. Kh7 Ke4 51. Rc4+ Kd3 52. Rc8 Rg1 53.
Rd8+ Ke4 54. Re8+ Kxf4 0-1

[Event "Russian Championship B19 2016"]
[Site "Loo"]
[Date "2016.04.21"]
[Round "2.21"]
[White "Kruzhilin, Aleksey"]
[Black "Kappushev, Ahmat"]
[Result "1-0"]
[WhiteElo "2161"]
[BlackElo "1903"]
[PlyCount "81"]
[EventDate "2016.04.20"]

1. d4 Nf6 2. c4 g6 3. Nc3 Bg7 4. e4 O-O 5. h3 d6 6. Be3 e5 7. d5 a5 8. g4 Na6
9. Nf3 Nc5 10. Qc2 Ne8 11. Rg1 f5 12. gxf5 gxf5 13. Bg5 Qd7 14. Nd2 Kh8 15. Be2
fxe4 16. Ndxe4 Nxe4 17. Nxe4 Qf7 18. O-O-O Bf5 19. f3 Nf6 20. Bxf6 Qxf6 21. Qb3
Bxe4 22. fxe4 b6 23. Rdf1 Bh6+ 24. Kb1 Bf4 25. Bg4 Rg8 26. Qb5 Rg7 27. Be6 Rf8
28. a3 Qe7 29. Ka2 Bg5 30. Qc6 Qe8 31. Qxe8 Rxe8 32. Rf5 Be7 33. Rxg7 Kxg7 34.
Rf7+ Kg6 35. Kb3 h6 36. Ka4 Bg5 37. Rxc7 Rd8 38. Rb7 Be3 39. Kb5 Bc1 40. Kxb6
Bxb2 41. Kc7 1-0

[Event "Russian Championship B19 2016"]
[Site "Loo"]
[Date "2016.04.21"]
[Round "2.22"]
[White "Khramov, Andrey"]
[Black "Ermachkov, Ilja"]
[Result "1-0"]
[WhiteElo "2125"]
[BlackElo "1730"]
[PlyCount "67"]
[EventDate "2016.04.20"]

1. e4 d6 2. d4 Nf6 3. Nc3 g6 4. Be3 Bg7 5. Qd2 O-O 6. O-O-O c6 7. f3 Qc7 8. Bh6
e5 9. Nge2 b5 10. h4 a5 11. h5 a4 12. g4 b4 13. Nb1 Bxh6 14. Qxh6 Ra7 15. Ng3
Ba6 16. Bxa6 Nxa6 17. dxe5 dxe5 18. Nf5 Ne8 19. Ng7 Nxg7 20. hxg6 fxg6 21.
Qxh7+ Kf7 22. Rh6 Qb6 23. Qxg6+ Kg8 24. Rdh1 Qe3+ 25. Nd2 Qxh6 26. Rxh6 Nc5 27.
Nc4 Nd7 28. Qh7+ Kf7 29. Nd6+ Ke7 30. Qxg7+ Kd8 31. Nf5 Rc7 32. Rh8 Kc8 33.
Rxf8+ Nxf8 34. Qxf8+ 1-0

[Event "Russian Championship B17 2016"]
[Site "Loo"]
[Date "2016.04.21"]
[Round "2.1"]
[White "Komov, Roman"]
[Black "Triapishko, Olexandr"]
[Result "1/2-1/2"]
[WhiteElo "2258"]
[BlackElo "2474"]
[PlyCount "126"]
[EventDate "2016.04.20"]

1. d4 d5 2. Nf3 c6 3. g3 Nf6 4. Bg2 Bf5 5. O-O e6 6. c4 Nbd7 7. b3 h6 8. Bb2
Be7 9. Nc3 O-O 10. Ne5 Bh7 11. Rc1 Re8 12. e3 Nxe5 13. dxe5 Nd7 14. Ne2 Bf8 15.
Qd4 Qa5 16. cxd5 exd5 17. e4 Nxe5 18. Bc3 Qxa2 19. Qd1 Qa6 20. exd5 Rad8 21.
Nf4 c5 22. Ra1 Qb5 23. Re1 Bd6 24. Rxa7 Qd7 25. Qa1 Qf5 26. Rxb7 Ra8 27. Ra7
Rxa7 28. Qxa7 g5 29. Bxe5 Rxe5 30. Rxe5 Qxe5 31. Qa8+ Bf8 32. d6 Qxd6 33. Nd5
Bc2 34. Qa2 Bg6 35. Qd2 Bg7 36. Qe2 Bf8 37. Qc4 Qe5 38. Ne3 Qd4 39. Bd5 h5 40.
Kg2 Qxc4 41. bxc4 Kg7 42. f4 gxf4 43. gxf4 Bd3 44. Kf3 f5 45. Ng2 Be7 46. Ne1
Bb1 47. Ke3 Bf6 48. Nf3 Bb2 49. Ng5 Bd4+ 50. Kf3 Kf6 51. Kg3 Bc2 52. Ne6 Be3
53. Kf3 Bg1 54. Kg2 Be3 55. Kf3 Bg1 56. Kg2 Be3 57. Kf3 Bd2 58. Nxc5 Bd1+ 59.
Kg3 h4+ 60. Kxh4 Bxf4 61. Kh3 Be3 62. Nd7+ Ke7 63. Ne5 Kf6 1/2-1/2

[Event "Russian Championship B17 2016"]
[Site "Loo"]
[Date "2016.04.21"]
[Round "2.2"]
[White "Lobanov, Sergei"]
[Black "Klimentov, Evgeny"]
[Result "1-0"]
[WhiteElo "2457"]
[BlackElo "2274"]
[PlyCount "117"]
[EventDate "2016.04.20"]

1. e4 c5 2. Nf3 e6 3. d4 cxd4 4. Nxd4 Nf6 5. Nc3 Nc6 6. Be2 Bb4 7. O-O Bxc3 8.
bxc3 Nxe4 9. Bd3 Nxc3 10. Qg4 O-O 11. Bb2 f5 12. Nxf5 exf5 13. Qc4+ d5 14. Qxc3
d4 15. Qb3+ Kh8 16. Rfe1 f4 17. Rad1 Qg5 18. Be4 Bg4 19. f3 Bh3 20. Re2 Rab8
21. Bxd4 Nxd4 22. Rxd4 Qf6 23. Qd3 Be6 24. c3 Bg8 25. Rd6 Qe5 26. Qd4 Qxd4+ 27.
cxd4 Rfd8 28. Rxd8 Rxd8 29. Rd2 Bd5 30. Kf2 Kg8 31. g3 fxg3+ 32. hxg3 Kf7 33.
Ke3 Kf6 34. Rc2 b6 35. a3 Rd7 36. Rc8 h6 37. Kd3 h5 38. Rf8+ Bf7 39. Bc6 Rc7
40. d5 Ke7 41. Rh8 Kd6 42. Kd4 Re7 43. Rc8 Bg6 44. Bb5 Rc7 45. Rxc7 Kxc7 46.
Ke5 Bf7 47. f4 Kd8 48. Kd6 Bg6 49. Ke6 Be4 50. Kf7 g6 51. d6 Bf5 52. Kf6 Be4
53. Bc4 Kd7 54. Bf7 Kxd6 55. Bxg6 Bf3 56. Kg7 b5 57. f5 a5 58. f6 Bd5 59. Bxh5
1-0

[Event "Russian Championship B17 2016"]
[Site "Loo"]
[Date "2016.04.21"]
[Round "2.3"]
[White "Galchenko, Matvey"]
[Black "Sarana, Alexey"]
[Result "1/2-1/2"]
[WhiteElo "2245"]
[BlackElo "2422"]
[PlyCount "96"]
[EventDate "2016.04.20"]

1. e4 c5 2. Nf3 d6 3. Bb5+ Nd7 4. O-O Ngf6 5. Re1 a6 6. Bd3 e6 7. c3 Be7 8. Bc2
b5 9. d4 Bb7 10. Nbd2 cxd4 11. cxd4 Rc8 12. a4 b4 13. a5 O-O 14. Bd3 Rc7 15.
Qe2 Qa8 16. Nb3 Rfc8 17. Bg5 h6 18. Bh4 Nf8 19. Bg3 Nh5 20. Nfd2 Nxg3 21. hxg3
Nd7 22. Nc4 Qa7 23. Ncd2 Nf6 24. Ra4 d5 25. e5 Nd7 26. Raa1 Rc6 27. f4 R8c7 28.
Kh2 Qb8 29. Qh5 Bf8 30. Rf1 g6 31. Qh3 Bg7 32. g4 Qd8 33. Kh1 Bc8 34. Rf2 Nf8
35. Raf1 Nh7 36. Nf3 Qe7 37. Qg3 Kh8 38. Nfd2 Kg8 39. Kg1 Qd8 40. f5 exf5 41.
gxf5 gxf5 42. Bxf5 Bxf5 43. Rxf5 Ng5 44. Nc5 Re7 45. Ndb3 Qc7 46. Qd3 Qc8 47.
Qd2 Qb8 48. Qd3 Qc8 1/2-1/2

[Event "Russian Championship B17 2016"]
[Site "Loo"]
[Date "2016.04.21"]
[Round "2.4"]
[White "Abelguzin, Dinar"]
[Black "Abramov, Nikita"]
[Result "1/2-1/2"]
[WhiteElo "2397"]
[BlackElo "2255"]
[PlyCount "109"]
[EventDate "2016.04.20"]

1. e4 c5 2. Nf3 e6 3. d4 cxd4 4. Nxd4 a6 5. Nc3 b5 6. g3 b4 7. Nce2 Bb7 8. Bg2
Nf6 9. Qd3 d5 10. exd5 Bxd5 11. O-O Be7 12. Bxd5 Nxd5 13. Nf4 Nxf4 14. Bxf4 Qd5
15. Rfe1 Nc6 16. Nxc6 Qxc6 17. c3 bxc3 18. Qxc3 Qxc3 19. bxc3 O-O 20. Rab1 Rfc8
21. Rec1 Rc4 22. Rb7 Bf6 23. Rc7 Rxc7 24. Bxc7 Rc8 25. Ba5 Rc4 26. Bb4 h5 27.
Kf1 Kh7 28. Ke2 Kg6 29. Kd3 Rc6 30. c4 Kf5 31. f3 Bd8 32. c5 h4 33. g4+ Kf4 34.
Ke2 h3 35. Rc4+ Kg5 36. Bd2+ Kh4 37. Be1+ Kg5 38. Bd2+ Kh4 39. Bf4 Bf6 40. Kd3
Be7 41. Be3 Bd8 42. Re4 Bc7 43. Bg1 Kg5 44. Kc4 Bf4 45. Rd4 Rc7 46. Rd3 f5 47.
gxf5 Kxf5 48. Rd8 Rb7 49. c6 Rb1 50. Rf8+ Kg5 51. Rxf4 Kxf4 52. Bc5 Rc1+ 53.
Kb4 Rb1+ 54. Kc4 Rc1+ 55. Kb4 1/2-1/2

[Event "Russian Championship B17 2016"]
[Site "Loo"]
[Date "2016.04.21"]
[Round "2.5"]
[White "Sorokin, Aleksey"]
[Black "Bilan, Danila"]
[Result "1-0"]
[WhiteElo "2385"]
[BlackElo "2244"]
[PlyCount "69"]
[EventDate "2016.04.20"]

1. d4 d5 2. c4 c6 3. Nf3 Nf6 4. e3 e6 5. Nc3 Nbd7 6. Qc2 Bd6 7. b3 O-O 8. Bb2
b6 9. Bd3 Bb7 10. O-O Qe7 11. Rfe1 Rac8 12. e4 dxc4 13. bxc4 e5 14. Ne2 Rfd8
15. Rad1 g6 16. Ng3 Ne8 17. Bc1 Ng7 18. c5 bxc5 19. Qb3 Rb8 20. Bg5 Nf6 21.
dxe5 Bxe5 22. Bc4 Rxd1 23. Qxd1 h6 24. Bxh6 Bxg3 25. hxg3 Ne6 26. Ng5 Nd7 27.
Nxe6 fxe6 28. Bg5 Qf7 29. Qd6 Re8 30. Re3 Nf8 31. Rf3 Qg7 32. Bf6 Qh6 33. Bb2
Bc8 34. g4 Nh7 35. Qxc6 1-0

[Event "Russian Championship B17 2016"]
[Site "Loo"]
[Date "2016.04.21"]
[Round "2.6"]
[White "Afanasiev, Nikita"]
[Black "Dobrocmyslov, Artem"]
[Result "1-0"]
[WhiteElo "2349"]
[BlackElo "2215"]
[PlyCount "77"]
[EventDate "2016.04.20"]

1. c4 e6 2. Nf3 Nf6 3. g3 a6 4. Qa4 c5 5. Bg2 Nc6 6. O-O Be7 7. Nc3 O-O 8. Rd1
Rb8 9. d3 b6 10. e3 b5 11. Qc2 Qc7 12. b3 d5 13. Qe2 Re8 14. Bd2 d4 15. exd4
cxd4 16. Ne4 Nxe4 17. Qxe4 f5 18. Qe1 bxc4 19. bxc4 h6 20. Bf4 Bd6 21. Bxd6
Qxd6 22. Nh4 Ne5 23. Rac1 Qc5 24. Qe2 Bb7 25. Re1 Nd7 26. Bxb7 Rxb7 27. f4 Qa3
28. Rb1 Rxb1 29. Rxb1 Kf7 30. Nf3 Nc5 31. Ne5+ Kg8 32. Kg2 Qc3 33. Rb6 Kh7 34.
Rc6 Qa3 35. Qh5 Rb8 36. Rc7 Qb2+ 37. Kh3 Kh8 38. Qg6 Qxa2 39. Qxg7# 1-0

[Event "Russian Championship B17 2016"]
[Site "Loo"]
[Date "2016.04.21"]
[Round "2.7"]
[White "Gaifullin, Artur"]
[Black "Yashmetov, Mikhail"]
[Result "1/2-1/2"]
[WhiteElo "2306"]
[BlackElo "2212"]
[PlyCount "79"]
[EventDate "2016.04.20"]

1. d4 Nf6 2. c4 g6 3. g3 Bg7 4. Bg2 d5 5. cxd5 Nxd5 6. Nf3 O-O 7. O-O Nb6 8.
Nc3 c6 9. e3 Bg4 10. h3 Be6 11. Re1 h6 12. b3 a5 13. e4 Na6 14. Be3 f5 15. Nh4
Kh7 16. exf5 Bxf5 17. g4 Bd7 18. g5 Nd5 19. Nxd5 cxd5 20. gxh6 Bxh6 21. Bxh6
Kxh6 22. Qd2+ Kg7 23. Qg5 Rf6 24. Bxd5 Nc7 25. Bg2 Ne6 26. Qe5 Qb6 27. Re3 Rh8
28. d5 Rxh4 29. dxe6 Bc6 30. Rc1 Rh5 31. Qg3 Bxg2 32. Kxg2 Rxe6 33. Qc7 Rg5+
34. Kh2 Qxc7+ 35. Rxc7 Rxe3 36. fxe3 Re5 37. Kg3 Rxe3+ 38. Kf4 Re2 39. Rxb7
Rxa2 40. Rxe7+ 1/2-1/2

[Event "Russian Championship B17 2016"]
[Site "Loo"]
[Date "2016.04.21"]
[Round "2.8"]
[White "Ergeshov, Timur"]
[Black "Smirnov, Timofey"]
[Result "1-0"]
[WhiteElo "2209"]
[BlackElo "2303"]
[PlyCount "85"]
[EventDate "2016.04.20"]

1. d4 d5 2. c4 c6 3. Nc3 Nf6 4. cxd5 cxd5 5. Bf4 Nc6 6. e3 Bg4 7. f3 Bd7 8. Rc1
a6 9. Bd3 e6 10. Nge2 Nh5 11. Bg3 Nxg3 12. Nxg3 Bd6 13. O-O h5 14. Nge2 h4 15.
h3 Ne7 16. e4 Bc6 17. e5 Bb8 18. f4 g6 19. Kh1 Ba7 20. b4 Rc8 21. a4 Bd7 22.
Qb3 Nc6 23. Qb1 Qe7 24. b5 Nxd4 25. b6 Nxe2 26. Nxe2 Rxc1 27. Rxc1 Bb8 28. Nd4
O-O 29. a5 Kg7 30. Qb2 Rc8 31. Rxc8 Bxc8 32. Nf3 Qc5 33. Qd2 Bd7 34. Qe1 Qe7
35. Nxh4 g5 36. Qg3 f6 37. Nf3 Kf8 38. fxg5 fxg5 39. Nxg5 Qg7 40. Qf4+ Ke7 41.
Nf3 Be8 42. Be2 Bh5 43. Qh4+ 1-0